000 00460nmm a2200169Ia 4500
008 251105s9999||||xx |||||||||||||||||und||
020 _a9788416523689
041 _aspa
100 _aRos, Emma
245 0 _aLa ruta del incienso
264 _a[Madrid, España] :
_bKailas Editorial,
_c2017
300 _a456 páginas
490 _aKailas Ficción
650 _aSpanish narrative
856 _uhttps://public.digitaliapublishing.com/a/87267
942 _cCF
999 _c77865
_d77865